El ladron del castillo de Grayskull / (Record no. 31163)

MARC details
000 -LEADER
fixed length control field 00629nam a22002297a 4500
001 - CONTROL NUMBER
control field sjds
003 - CONTROL NUMBER IDENTIFIER
control field sjds
005 - DATE AND TIME OF LATEST TRANSACTION
control field 20251118033022.0
008 - FIXED-LENGTH DATA ELEMENTS--GENERAL INFORMATION
fixed length control field 251118b |||||||| |||| 00| 0 spa d
020 ## - INTERNATIONAL STANDARD BOOK NUMBER
International Standard Book Number 8471767619
040 ## - CATALOGING SOURCE
Transcribing agency sjds
041 ## - LANGUAGE CODE
Language code of text/sound track or separate title spa
100 ## - MAIN ENTRY--PERSONAL NAME
Personal name McKenzie, Roger
245 ## - TITLE STATEMENT
Title El ladron del castillo de Grayskull /
Statement of responsibility, etc. Roger McKenzie, Fred Carrillo
260 ## - PUBLICATION, DISTRIBUTION, ETC. (IMPRINT)
Place of publication, distribution, etc. Barcelona, D.L.
Name of publisher, distributor, etc. Timun Mas,,
Date of publication, distribution, etc. 1985
300 ## - PHYSICAL DESCRIPTION
Extent [24] p.
Other physical details principalmente il. color ;
Dimensions 21 x 21 cm.
440 ## - SERIES STATEMENT/ADDED ENTRY--TITLE
Title Masters del universo
655 ## - INDEX TERM--GENRE/FORM
Genre/form data or focus term Graphic novel
700 ## - ADDED ENTRY--PERSONAL NAME
Personal name MacKenzie, Roger
700 ## - ADDED ENTRY--PERSONAL NAME
Personal name Carrillo, Fred
942 ## - ADDED ENTRY ELEMENTS (KOHA)
Koha item type Libro/Book
Holdings
Withdrawn status Lost status Damaged status Not for loan Home library Current library Date acquired Total Checkouts Full call number Barcode Date last seen Price effective from Koha item type
        San Juan Del Sur -- Biblioteca San Juan Del Sur -- Biblioteca 18/11/2025   JFN MCK 30023456 18/11/2025 18/11/2025 Libro/Book

Powered by Koha